| 000 | 00000nam##2200000za#4500 |
| 001 | 9.697326 |
| 003 | CaOODSP |
| 005 | 20210927150507 |
| 007 | cr ||||||||||| |
| 008 | 150407|2001||||xxc|||||o f|0| 0 eng|d |
| 040 | |aCaOODSP|beng |
| 043 | |an-cn--- |
| 086 | 1 |aR5-12/2001E-PDF |
| 110 | 1 |aCanada. |bIndian and Northern Affairs Canada. |
| 245 | 10|aNational aboriginal partners in the Aboriginal Canada Portal : |h[electronic resource]|bbackgrounder |
| 260 | |bIndian and Northern Affairs |c[2001]. |
| 300 | |a4p. |
| 590 | |a13-05-Supp|b2013-02-27 |
| 856 | 40|ahttp://publications.gc.ca|qPDF|s116 KB|uhttps://publications.gc.ca/collections/collection_2013/aadnc-aandc/R5-12-2001-eng.pdf |